Statistics for Carribbean Countries

Click here to take the quiz!

General Stats

  • This quiz has been taken 109 times
  • The average score is 10 of 13

Answer Stats

Answer% Correct
Haiti
89%
Jamaica
86%
Dominica
83%
Dominican Republic
82%
Bahamas
81%
Cuba
81%
Barbados
79%
Trinidad and Tobago
79%
Saint Lucia
75%
Saint Kitts and Nevis
74%
Saint Vincent and the Grenadines
74%
Antigua and Barbuda
71%
Grenada
71%

Score Distribution

Percentile by Number Answered

Percent of People with Each Score

Your Score History

You have not taken this quiz